000 00681nam a2200193Ia 4500
003 GCL
005 20240530105145.0
008 140319s9999 xx 000 0 ara d
040 _aGCL /
_cGCL
082 0 4 _a259/
_bأ ف
100 0 _aاحمد زين
245 1 2 _aالفتاوى الكبرى :
_bحوار مع الشيخ محمد متولى اشعراوى وقضايا العصر /
_cاحمد زين
260 _aالقاهرة :
_bمكتبة التراث الاسلامى ،
_c1987
300 _a653 ص ؛
_c24 سم
650 0 4 _aالفتاوى الشرعية
650 0 4 _aالشريعة الاسلامية
650 0 4 _aالفقه الاسلامى
942 _2ddc
_cBK
999 _c53621
_d53621